000 01093nam a2200217 a 4500
001 49275
005 20180714033915.0
008 140415s2004 mx 000 0 spa d
020 _a9682303478
041 _aspa
082 _a745.593
_bBAU
100 1 _aBAUDRILLARD, JEAN
245 1 3 _aEL SISTEMA DE LOS OBJETOS
250 _a18ed.
260 _aMEXICO :
_bSIGLO XXI EDITORES,
_c2004
300 _a229
_c17.9 x 10.4 x 1.2
520 _aEN LAS LLAMADAS SOCIEDADES DE CONSUMO LOS OBJETOS YA NO SE PRODUCEN, ANTE TODO, PARA DAR LA SATISFACCION A LAS NECESIDADES PRIMORIDALES DEL HOMBRE, NI TAMPOCO A ESAS NECESIDADES SECUNDARIAS, PERO NO MENOS REALES, DE LA COMODIDAD,EL ESPARCIMIENTO, EL LUJO ESTETICO. ESTAS TAREA LAS PUEDE CUMPLIR CON TAL FACILIDAD UNA MODERNA SOCIEDAD INDUSTRIAL SUPERDESARROLLADA QUE SU DINAMISMO SE VOLVERIA SUPERFLUO SI SOLO TUVIESE COMO COMETIDO LA SATISFACCION DE LO QUE EL HOMBRE REAL, NATURAL Y TRADIC
650 1 4 _aFUNCIONES
_xOBJETOS
_xDESCRIPCION
_xOBJETOS
700 1 _aGONZALEZ ARAMBURU, FRANCISCO
_etr.
740 _aLE SYSTEME DES OBJETS
999 _c49275
_d49275